Fr. Conceicao Rodrigues College of Engineering

System Administration (Record no. 33357)

MARC details
000 -LEADER
fixed length control field 00254nam a2200121Ia 4500
100 ## - MAIN ENTRY--PERSONAL NAME
Personal name Novell
245 ## - TITLE STATEMENT
Title System Administration
260 ## - PUBLICATION, DISTRIBUTION, ETC.
Name of publisher, distributor, etc. Novell
Place of publication, distribution, etc. U.S.A
Date of publication, distribution, etc. 1993
300 ## - PHYSICAL DESCRIPTION
Extent 548
546 ## - LANGUAGE NOTE
Language note ENGLISH
654 ## - SUBJECT ADDED ENTRY--FACETED TOPICAL TERMS
Focus term System Administration
942 ## - ADDED ENTRY ELEMENTS (KOHA)
Koha item type BOOK
Holdings
Withdrawn status Lost status Damaged status Not for loan Collection Home library Current library Date acquired Source of acquisition Cost, normal purchase price Inventory number Total Checkouts Full call number Barcode Date last seen Cost, replacement price Price effective from Koha item type
        AFT Fr. Agnel's C.Rodrigues College of Engineering Fr. Agnel's C.Rodrigues College of Engineering 17/03/2023 KANGO ZUMBO XEROX 325.00 35658   AFT7049 17/03/2023 325.00   BOOK